书目信息 |
| 题名: |
嘉兴掼牛
|
|
| 作者: | 徐洁 , 史源 , 陈洁翔 编著 | |
| 分册: | ||
| 出版信息: | 杭州 浙江摄影出版社 2016 |
|
| 页数: | 143页 | |
| 开本: | 23cm | |
| 丛书名: | 浙江省非物质文化遗产代表作丛书 | |
| 单 册: | ||
| 中图分类: | G85 | |
| 科图分类: | ||
| 主题词: | 传统体育项目--介绍--嘉兴市 | |
| 电子资源: | ||
| ISBN: | 978-7-5514-1653-5 | |
| 000 | 00996nam 2200277 450 | |
| 001 | 2359010314 | |
| 005 | 20231206162359.95 | |
| 010 | @a978-7-5514-1653-5@dCNY40.00 | |
| 100 | @a20170821d2016 em y0chiy50 ea | |
| 101 | 0 | @achi |
| 102 | @aCN@b330000 | |
| 105 | @aah z 000yy | |
| 200 | 1 | @a嘉兴掼牛@Ajia xing guan niu@f徐洁, 史源, 陈洁翔编著 |
| 210 | @a杭州@c浙江摄影出版社@d2016 | |
| 215 | @a143页@c彩图, 摹真@d23cm | |
| 225 | 2 | @a浙江省非物质文化遗产代表作丛书@Azhe jiang sheng fei wu zhi wen hua yi chan dai biao zuo cong shu@h第三批 |
| 300 | @a第三批国家级非物质文化遗产浙江省项目 | |
| 330 | @a本书内容包括: 嘉兴掼牛概述、嘉兴掼牛的过程与地位、嘉兴掼牛的传承、嘉兴掼牛的现状与保护。 | |
| 410 | 0 | @12001 @a浙江省非物质文化遗产代表作丛书@h第三批 |
| 606 | 0 | @a传统体育项目@x介绍@y嘉兴市 |
| 690 | @aG85@v5 | |
| 701 | 0 | @a徐洁@Axu jie@4编著 |
| 701 | 0 | @a史源@Ashi yuan@4编著 |
| 701 | 0 | @a陈洁翔@Achen jie xiang@4编著 |
| 801 | 0 | @aCN@b湖北三新@c20170821 |
| 905 | @aZUCC@dG85@e5 | |
| 嘉兴掼牛/徐洁, 史源, 陈洁翔编著.-杭州:浙江摄影出版社,2016 |
| 143页:彩图, 摹真;23cm.-(浙江省非物质文化遗产代表作丛书.第三批) |
| 第三批国家级非物质文化遗产浙江省项目 |
| ISBN 978-7-5514-1653-5:CNY40.00 |
| 本书内容包括: 嘉兴掼牛概述、嘉兴掼牛的过程与地位、嘉兴掼牛的传承、嘉兴掼牛的现状与保护。 |
| ● |
| 相关链接 |
|
|
|
正题名:嘉兴掼牛
索取号:G85/5
 
预约/预借
| 序号 | 登录号 | 条形码 | 馆藏地/架位号 | 状态 | 备注 |
| 1 | 2001404122 | 2001404122 | 三新/湖北三新(第三批)/1646/ [索取号:G85/5] | 在馆 | |
| 2 | 2001404123 | 2001404123 | 三新/湖北三新(第三批)/1646/ [索取号:G85/5] | 在馆 | |
| 3 | 2001404124 | 2001404124 | 三新/湖北三新(第三批)/1646/ [索取号:G85/5] | 在馆 | |
| 4 | 2001404125 | 2001404125 | 三新/湖北三新(第三批)/1646/ [索取号:G85/5] | 在馆 | |
| 5 | 2001404126 | 2001404126 | 三新/湖北三新(第三批)/1646/ [索取号:G85/5] | 在馆 | |
| 6 | 2001404127 | 2001404127 | 三新/湖北三新(第三批)/1646/ [索取号:G85/5] | 在馆 | |
| 7 | 2001404128 | 2001404128 | 三新/湖北三新(第三批)/1646/ [索取号:G85/5] | 在馆 | |
| 8 | 2001404129 | 2001404129 | 三新/湖北三新(第三批)/1646/ [索取号:G85/5] | 在馆 | |
| 9 | 2001404130 | 2001404130 | 三新/湖北三新(第三批)/1646/ [索取号:G85/5] | 在馆 | |
| 10 | 2001404131 | 2001404131 | 三新/湖北三新(第三批)/1646/ [索取号:G85/5] | 在馆 | |
| 11 | 2001404132 | 2001404132 | 三新/湖北三新(第三批)/1646/ [索取号:G85/5] | 在馆 | |
| 12 | 2001404133 | 2001404133 | 三新/湖北三新(第三批)/1646/ [索取号:G85/5] | 在馆 | |
| 13 | 2001404134 | 2001404134 | 三新/湖北三新(第三批)/1646/ [索取号:G85/5] | 在馆 | |
| 14 | 2001404135 | 2001404135 | 三新/湖北三新(第三批)/1646/ [索取号:G85/5] | 在馆 | |
| 15 | 2001404136 | 2001404136 | 三新/湖北三新(第三批)/1646/ [索取号:G85/5] | 在馆 | |
| 16 | 2001404137 | 2001404137 | 三新/湖北三新(第三批)/1646/ [索取号:G85/5] | 在馆 | |
| 17 | 2001404138 | 2001404138 | 三新/湖北三新(第三批)/1646/ [索取号:G85/5] | 在馆 | |
| 18 | 2001404139 | 2001404139 | 三新/湖北三新(第三批)/1646/ [索取号:G85/5] | 在馆 | |
| 19 | 2001404140 | 2001404140 | 三新/湖北三新(第三批)/1646/ [索取号:G85/5] | 在馆 | |
| 20 | 2001404141 | 2001404141 | 三新/湖北三新(第三批)/1646/ [索取号:G85/5] | 在馆 | |
| 21 | 2001404142 | 2001404142 | 三新/湖北三新(第三批)/1646/ [索取号:G85/5] | 在馆 | |
| 22 | 2001404143 | 2001404143 | 三新/湖北三新(第三批)/1646/ [索取号:G85/5] | 在馆 | |
| 23 | 2001404144 | 2001404144 | 三新/湖北三新(第三批)/1646/ [索取号:G85/5] | 在馆 | |
| 24 | 2001404145 | 2001404145 | 三新/湖北三新(第三批)/1646/ [索取号:G85/5] | 在馆 | |
| 25 | 2001404146 | 2001404146 | 三新/湖北三新(第三批)/1646/ [索取号:G85/5] | 在馆 | |
| 26 | 2001404147 | 2001404147 | 三新/湖北三新(第三批)/1646/ [索取号:G85/5] | 在馆 | |
| 27 | 2001404148 | 2001404148 | 三新/湖北三新(第三批)/1646/ [索取号:G85/5] | 在馆 | |
| 28 | 2001404149 | 2001404149 | 三新/湖北三新(第三批)/1646/ [索取号:G85/5] | 在馆 | |
| 29 | 2001404150 | 2001404150 | 三新/湖北三新(第三批)/1646/ [索取号:G85/5] | 在馆 | |
| 30 | 2001404151 | 2001404151 | 三新/湖北三新(第三批)/1646/ [索取号:G85/5] | 在馆 |